000 00292nam a22001337a 4500
008 171024b xxu||||| |||| 00| 0 eng d
020 _a0262610434
041 _aeng
080 _a311
100 _a55
101 _aSTA
245 _aA GUIDDDE TO ECONOMETRIC
_cKENNEDY/P
942 _2udc
_cBK
999 _c35734
_d35734